| 000 | 01943 a2200289 4500 | ||
|---|---|---|---|
| 003 | Nust | ||
| 005 | 20220819112931.0 | ||
| 010 | _a2005049375 | ||
| 020 | _a1584884657 | ||
| 035 | _a(OCoLC)ocm60644811 | ||
| 040 | _cNust | ||
| 082 | 0 | 0 | _a621.384,BOU |
| 245 | 0 | 0 |
_aHandbook of algorithms for wireless networking and mobile computing / _cedited by Azzedine Boukerche. |
| 260 |
_aBoca Raton, FL : _bChapman & Hall/CRC, _c2006. |
||
| 300 |
_a1 v. (various pagings) : _bill. ; _c27 cm. |
||
| 440 | 0 |
_aChapman & Hall/CRC computer and information science series _913921 |
|
| 505 | _aSECTION -1: MAC Protocols and Scheduling Strategies in Wireless Networks (Page-23), SECTION-2: Routing Protocols and Location Awareness Strategies in Wireless Networks (Page-123), SECTION-3: Resource Allocation and Management in Wireless Networks (Page-415), SECTION-4: Mobility and Location Management in Wireless Networks (Page-477), SECTION-5: QoS in Wireless Networks (Page-613), SECTION-6: TCP Studies in Wireless Networks (Page-679), SECTION-7: Algorithms and Protocols for Bluetooth Wireless PAN (Page-725), SECTION-8: Wireless Sensor Networks (Page-813), SECTION-9: Security Issues in Wireless (Page-905). | ||
| 650 | 0 |
_aMobile communication systems _xDesign and construction _xMathematics. _998235 |
|
| 650 | 0 |
_aMobile computing _xDesign and construction _xMathematics. _998236 |
|
| 650 | 0 |
_aWireless communication systems _xDesign and construction _xMathematics. _998237 |
|
| 700 | 1 |
_aBoukerche, Azzedine. _998238 |
|
| 856 | 4 | 0 | _uhttp://focus.lib.kth.se/login?url=http://www.engnetbase.com/ejournals/books/book_km.asp?id=4956 |
| 856 | 4 | 0 | _uhttp://proxy.lib.chalmers.se/login?url=http://www.engnetbase.com/ejournals/books/book_km.asp?id=4956 |
| 856 | 4 | 0 | _uhttp://www.engnetbase.com/ejournals/books/book_km.asp?id=4956 |
| 856 | 4 | 0 | _uhttps://login.e.bibl.liu.se/login?url=http://www.engnetbase.com/ejournals/books/book_km.asp?id=4956 |
| 942 |
_cREF _2ddc |
||
| 999 |
_c215065 _d215065 |
||